000
00293nam a2200133Ia 4500
100
_a
Otto/ C.A.
650
_a
Electrical Engineering
942
_c
BK
654
_a
Electric Furnaees
245
_a
Electric Furnaees
260
_b
Gery Newmun
_a
London
_c
1958
546
_a
ENGLISH
999
_c
30425
_d
30425